| 000 | 00483nam a2200181Ia 4500 | ||
|---|---|---|---|
| 005 | 20250317123009.0 | ||
| 008 | 008 250317s9999 xx 000 0 eng d | ||
| 037 | _aTextbook | ||
| 040 |
_aFMSL _beng _cFMSL |
||
| 041 |
_aeng _2eng |
||
| 084 |
_aD6:78oaX:8 N0 _qFMSL |
||
| 100 | _aBeer S | ||
| 245 | 0 | _aCybernetics and management | |
| 260 |
_aNY _bNY, John Wiley _c1960 |
||
| 300 | _a214p | ||
| 942 |
_cTB _hD6:78oaX:8 N0 |
||
| 999 |
_c1249442 _d1249442 |
||